000 00236nam a2200109Ia 4500
008 190216s9999||||xx |||||||||||||| ||und||
100 _aBatli Boi
245 0 _aAdvanced Accounting
260 _bNull
_c1916
300 _a1230p
942 _cBK
999 _c3929
_d3929